A drop in the ocean : (Record no. 195808)
[ view plain ]
| 000 -LEADER | |
|---|---|
| fixed length control field | 01150cam a22003377a 4500 |
| 001 - CONTROL NUMBER | |
| control field | 12177956 |
| 003 - CONTROL NUMBER IDENTIFIER | |
| control field | BD-DhUL |
| 005 - DATE AND TIME OF LATEST TRANSACTION | |
| control field | 20170514152520.0 |
| 008 - FIXED-LENGTH DATA ELEMENTS--GENERAL INFORMATION | |
| fixed length control field | 970707s1996 enka 001 0ceng d |
| 010 ## - LIBRARY OF CONGRESS CONTROL NUMBER | |
| LC control number | 00344595 |
| 015 ## - NATIONAL BIBLIOGRAPHY NUMBER | |
| National bibliography number | GB97-34082 |
| 020 ## - INTERNATIONAL STANDARD BOOK NUMBER | |
| International Standard Book Number | 0850525071 |
| 035 ## - SYSTEM CONTROL NUMBER | |
| System control number | (MH)MHBIE10342HU |
| 035 ## - SYSTEM CONTROL NUMBER | |
| System control number | (OCoLC)36916573 |
| 035 ## - SYSTEM CONTROL NUMBER | |
| System control number | (CStRLIN)MAHGBIE10342-B |
| 040 ## - CATALOGING SOURCE | |
| Original cataloging agency | *UKM* |
| Transcribing agency | BD-DhUL |
| Modifying agency | CStRLIN |
| -- | BD-DhUL |
| 042 ## - AUTHENTICATION CODE | |
| Authentication code | lccopycat |
| 043 ## - GEOGRAPHIC AREA CODE | |
| Geographic area code | e-uk--- |
| 050 00 - LIBRARY OF CONGRESS CALL NUMBER | |
| Classification number | D810.S45 |
| Item number | G728 1996 |
| 082 00 - DEWEY DECIMAL CLASSIFICATION NUMBER | |
| Classification number | 551.48 |
| Edition number | 21 |
| Item number | DRO |
| 100 2# - MAIN ENTRY--PERSONAL NAME | |
| Personal name | Burtt-Smith, Jim. |
| 245 12 - TITLE STATEMENT | |
| Title | A drop in the ocean : |
| Remainder of title | dramatic accounts of aircrew saved from the sea / |
| Statement of responsibility, etc. | by Jim Burtt-Smith, John French. |
| 260 ## - PUBLICATION, DISTRIBUTION, ETC. (IMPRINT) | |
| Place of publication, distribution, etc. | London : |
| Name of publisher, distributor, etc. | Leo Cooper, |
| Date of publication, distribution, etc. | 1996. |
| 300 ## - PHYSICAL DESCRIPTION | |
| Extent | 176 p. : |
| Other physical details | ill. ; |
| Dimensions | 24 cm. |
| 500 ## - GENERAL NOTE | |
| General note | Includes index. |
| 650 #0 - SUBJECT ADDED ENTRY--TOPICAL TERM | |
| Topical term or geographic name as entry element | World War, 1939-1945 |
| General subdivision | Aerial operations, British. |
| 700 1# - ADDED ENTRY--PERSONAL NAME | |
| Personal name | French, John, |
| Dates associated with a name | 1919- |
| 906 ## - LOCAL DATA ELEMENT F, LDF (RLIN) | |
| a | 7 |
| b | cbc |
| c | copycat |
| d | 3 |
| e | ncip |
| f | 19 |
| g | y-gencatlg |
| 942 ## - ADDED ENTRY ELEMENTS (KOHA) | |
| Source of classification or shelving scheme | |
| Koha item type | Books |
| Price effective from | Date last seen | Permanent Location | Not for loan | Date acquired | Source of classification or shelving scheme | Koha item type | Lost status | Withdrawn status | Source of acquisition | Collection code | Damaged status | Shelving location | Barcode | Current Location | Full call number |
|---|---|---|---|---|---|---|---|---|---|---|---|---|---|---|---|
| 2017-05-14 | 2017-05-14 | Dhaka University Library | Not For Loan | 2017-05-14 | Books | Gift | Non Fiction | Dr. Aftab Ahmed Collection | 439988 | Dhaka University Library | 551.48 DRO |
